Benedict Cumberbatch Movies Quiz Stats

 Plays Quiz Updated Jan 4, 2021

Support Sporcle.
Go Orange.
Score 0/34 Timer 05:00
4 Plays Today
Year Movie Title % Correct
2016Doctor Strange
88.8%
2019Avengers: Endgame
88.2%
2012The Hobbit: An Unexpected Journey
83.6%
2013The Hobbit: The Desolation of Smaug
77.5%
2014The Imitation Game
76.8%
2014The Hobbit: The Battle of the Five Armies
73.6%
2013Star Trek Into Darkness
67.5%
2017Thor: Ragnarok
62.6%
20191917
44.2%
2018Avengers: Infinity War
37.2%
2011War Horse
30.2%
2013The Fifth Estate
29.8%
2011Tinker Tailor Soldier Spy
29.6%
2015Black Mass
29.2%
2007Atonement
25.1%
201312 Years a Slave
22.5%
2008The Other Boleyn Girl
22.2%
Year Movie Title % Correct
2016Zoolander 2
20.4%
2018Mowgli: Legend of the Jungle
20.1%
2013August: Osage County
18.6%
2006Amazing Grace
15.5%
2006Starter for 10
15.1%
2019Between Two Ferns: The Movie
14.8%
2014Penguins of Madagascar
13.9%
2010Four Lions
13.8%
2018The Grinch
13.1%
2020The Courier
12.6%
2017The Current War
11.6%
2010Third Star
10.5%
2011Wreckers
9.4%
2010The Whistleblower
8.7%
2003To Kill a King
7.7%
2009Creation
5.9%
2010Burlesque Fairytales
5.8%

You're not logged in!

Compare scores with friends on all Sporcle quizzes.
OR
Log In

From the Vault

Movie Quotes II

by Derek

You've waited for months, and the movie quotes sequel is finally out. Coming up with the movies for these quotes should be 'Elementary, my dear Watson.'
Remove Ads.
Support Sporcle.
Get the best of Sporcle when you Go Orange. This ad-free experience offers more features, more stats, and more fun while also helping to support Sporcle. Thank you for becoming a member.

Show Comments

Extras

Top Quizzes Today


Score Distribution

Your Account Isn't Verified!

In order to create a playlist on Sporcle, you need to verify the email address you used during registration. Go to your Sporcle Settings to finish the process.

Report this User

Report this user for behavior that violates our Community Guidelines.

Details: